Statistics for Lana Del Rey - Yosemite Lyrics

Click here to take the quiz!

General Stats

  • This quiz has been taken 12 times
  • The average score is 293 of 303

Answer Stats

Answer% Correct
all?
100%
all
100%
at
100%
before
100%
But
100%
candle
100%
change
100%
changes
100%
cool
100%
did
100%
different
100%
do
100%
fall
100%
feel
100%
for
100%
free
100%
fun
100%
how
100%
How
100%
"How
100%
I
100%
I'm
100%
in
100%
invincible
100%
invisible
100%
is
100%
Isn't
100%
it
100%
It's
100%
know
100%
like
100%
Like
100%
made
100%
make
100%
may
100%
me
100%
more
100%
No
100%
no
100%
Not
100%
not
100%
nothing
100%
Now
100%
reasons
100%
right
100%
Right
100%
seasons
100%
Seasons
100%
spring
100%
Spring
100%
that
100%
the
100%
The
100%
Then
100%
to
100%
wanted
100%
was
100%
Was
100%
We
100%
we
100%
when
100%
When
100%
will
100%
wind
100%
wind?
100%
Winter
100%
won't
100%
You
100%
you
100%
already?
90%
and
90%
are
90%
back
90%
both
90%
burning
90%
done
90%
from?"
90%
from
90%
here
90%
Honey
90%
Just
90%
just
90%
of
90%
only
90%
pages
90%
remember
90%
showed
90%
strange
90%
sweet
90%
thing
90%
turn
90%
up
90%
world
90%
because
80%
cabin
80%
came
80%
candles
80%
deep
80%
ends
80%
eternity
80%
I'll
80%
our
80%
overwhelming
80%
poems
80%
quite
80%
Television
80%
thinking
80%
time
80%
Valley
80%
watching
80%
we'll
80%
We've
80%
we've
80%
burned
70%
canyon
70%
friends?
70%
Green
70%
My
70%
static
70%
'til
70%
Withstanding
70%
young
70%

Score Distribution

Percentile by Number Answered

Percent of People with Each Score

Your Score History

You have not taken this quiz